Statistieken voor Landen in zeshoeken op de wereldkaart

Klik hier om de quiz te nemen!

Algemene statistieken

  • Deze quiz is 8.531 keer genomen
  • De gemiddelde score is 128 van 144

Antwoorden op de kaart

Antwoorden kleurgecodeerd door een groen-rode schaal op de quizkaart volgens % correct hieronder.
 

Antwoordstatistieken

Landen% Correct
Antigua en Barbuda | Bahama's | Barbados | Colombia | Cuba | Dominica | Dominicaanse Republiek | Frankrijk | Grenada | Haïti | Jamaica | Nederland | Saint Kitts en Nevis | Saint Lucia | Saint Vincent en de Grenadines | Trinidad en Tobago | Venezuela | Verenigde Staten
99%
Bahama's | Belize | Cuba | Guatemala | Jamaica | Mexico | Verenigde Staten
99%
Belarus | Bosnië en Herzegovina | Duitsland | Hongarije | Italië | Kroatië | Letland | Litouwen | Moldavië | Oekraïne | Oostenrijk | Polen | Roemenië | Rusland | Servië | Slovenië | Slowakije | Tsjechië | Zweden
99%
Canada | Verenigde Staten
99%
Mexico | Verenigde Staten
99%
Afghanistan | Armenië | Azerbeidzjan | Georgië | Irak | Iran | Kazachstan | Oezbekistan | Rusland | Turkije | Turkmenistan
98%
Armenië | Azerbeidzjan | Bulgarije | Georgië | Iran | Moldavië | Oekraïne | Roemenië | Rusland | Turkije
98%
Belarus | Estland | Finland | Letland | Oekraïne | Rusland
98%
België | Denemarken | Duitsland | Nederland | Noorwegen | Verenigd Koninkrijk | Zweden
98%
Brazilië | Frankrijk | Suriname
98%
Canada
98%
Canada | Denemarken
98%
China | Japan | Noord-Korea | Rusland | Zuid-Korea
98%
China | Japan | Rusland
98%
China | Kazachstan | Mongolië | Rusland
98%
China | Mongolië | Rusland
98%
Estland | Finland | Letland | Noorwegen | Rusland | Zweden
98%
Finland | Noorwegen | Rusland
98%
Kazachstan | Oezbekistan | Rusland
98%
Kazachstan | Rusland
98%
Mongolië | Rusland
98%
Rusland
98%
Afghanistan | China | India | Iran | Nepal | Oezbekistan | Pakistan | Tadzjikistan | Turkmenistan
97%
Andorra | België | Duitsland | Frankrijk | Italië | Liechtenstein | Luxemburg | Monaco | Oostenrijk | San Marino | Spanje | Vaticaanstad | Verenigd Koninkrijk | Zwitserland
97%
Argentinië | Bolivia | Brazilië | Chili | Paraguay | Peru
97%
Argentinië | Brazilië | Paraguay | Uruguay
97%
Bolivia | Brazilië | Colombia | Peru
97%
Brazilië | Colombia | Guyana | Peru | Suriname | Trinidad en Tobago | Venezuela
97%
Afghanistan | China | Kazachstan | Kirgizië | Oezbekistan | Tadzjikistan | Turkmenistan
96%
Australië | Indonesië | Oost-Timor
96%
Australië | Indonesië | Papoea-Nieuw-Guinea
96%
Bangladesh | Bhutan | China | India | Myanmar | Nepal
96%
Bolivia | Brazilië
96%
Brazilië
96%
Cambodja | China | Laos | Myanmar | Thailand | Vietnam
96%
China | Filipijnen | Taiwan
96%
Verenigde Staten
96%
Algerije | Libië | Marokko | Spanje | Tunesië
95%
Algerije | Mali | Marokko | Mauritanië | Spanje
95%
Argentinië | Chili | Verenigd Koninkrijk
95%
Australië
95%
Australië | Nieuw-Zeeland
95%
Belize | Colombia | Costa Rica | El Salvador | Guatemala | Honduras | Mexico | Nicaragua | Panama | Venezuela
95%
China | Mongolië
95%
China | Myanmar
95%
Guatemala | Mexico
95%
India | Indonesië | Myanmar | Sri Lanka | Thailand
95%
Marokko | Portugal | Spanje
95%
Albanië | Bosnië en Herzegovina | Bulgarije | Egypte | Griekenland | Italië | Kosovo | Kroatië | Libië | Malta | Montenegro | Noord-Macedonië | Roemenië | Servië | Tunesië | Turkije
94%
Argentinië | Chili | Uruguay
94%
Denemarken | IJsland
94%
Algerije | Egypte | Libië | Niger | Soedan | Tsjaad
93%
Botswana | Eswatini | Madagaskar | Malawi | Mozambique | Zimbabwe | Zuid-Afrika
93%
Cyprus | Egypte | Irak | Iran | Israël | Jordanië | Koeweit | Libanon | Saoedi-Arabië | Syrië | Turkije
93%
Djibouti | Egypte | Eritrea | Ethiopië | Jemen | Saoedi-Arabië | Soedan | Somalië | Zuid-Soedan
93%
India | Maldiven | Sri Lanka
93%
India | Pakistan
93%
Botswana | Lesotho | Namibië | Zuid-Afrika
92%
Comoren | Democratische Republiek Congo | Frankrijk | Kenia | Malawi | Mozambique | Tanzania | Zambia
92%
Centraal-Afrikaanse Republiek | Democratische Republiek Congo | Kameroen | Niger | Nigeria | Soedan | Tsjaad | Zuid-Soedan
91%
Democratische Republiek Congo | Ethiopië | Kenia | Oeganda | Soedan | Somalië | Tanzania | Zuid-Soedan
90%
Frankrijk | Madagaskar | Mauritius
90%
Afghanistan | Bahrein | Iran | Jemen | Koeweit | Oman | Pakistan | Qatar | Saoedi-Arabië | Verenigde Arabische Emiraten
89%
Ierland | Verenigd Koninkrijk
89%
Algerije | Benin | Burkina Faso | Ghana | Mali | Mauritanië | Niger | Nigeria | Togo
88%
Brunei | Cambodja | Indonesië | Maleisië | Singapore | Thailand | Vietnam
88%
Angola | Botswana | Democratische Republiek Congo | Mozambique | Namibië | Zambia | Zimbabwe
87%
Angola | Burundi | Centraal-Afrikaanse Republiek | Democratische Republiek Congo | Gabon | Kameroen | Oeganda | Republiek Congo | Rwanda | Tanzania
87%
Colombia | Ecuador | Peru
87%
Indonesië | Micronesia | Palau
87%
Denemarken
86%
Indonesië
86%
Indonesië | Oost-Timor
86%
Benin | Burkina Faso | Equatoriaal-Guinea | Gabon | Ghana | Ivoorkust | Kameroen | Liberia | Nigeria | Sao Tomé en Principe | Togo
82%
Burkina Faso | Gambia | Guinee | Guinee-Bissau | Ivoorkust | Kaapverdië | Liberia | Mali | Mauritanië | Senegal | Sierra Leone
81%
Nieuw-Zeeland
80%
Peru
80%
Ethiopië | Jemen | Oman | Somalië
78%
Japan
77%
Fiji | Frankrijk | Tonga | Vanuatu
75%
Chili
74%
Filipijnen | Maleisië | Palau
72%
Frankrijk | Salomonseilanden | Vanuatu
69%
Fiji | Kiribati | Salomonseilanden | Tuvalu | Vanuatu
65%
Micronesia | Nauru | Papoea-Nieuw-Guinea | Salomonseilanden
57%
Kiribati | Marshalleilanden
53%
Kaapverdië
50%
Marshalleilanden | Micronesia
50%
Kiribati
47%
Portugal
44%
Seychellen
41%
Angola
40%
Samoa | Tonga
38%
Marshalleilanden
33%

Scoreverdeling

Percentiel versus Aantal Correcte Antwoorden

Procent van Mensen met Elke Score

Uw Scoregeschiedenis

U heeft deze quiz nog niet genomen